| 000 | 00452 a2200157 4500 | ||
|---|---|---|---|
| 003 | NUST | ||
| 005 | 20221209154907.0 | ||
| 040 | _cNust | ||
| 082 | _a297.1227,NOM | ||
| 100 |
_aNomani, Maulana Abdur Rasheed _9104575 |
||
| 245 |
_aTafseer Ibne Kaseer (Urdu) / _b(Complete 5 volumes) _cMaulana Abdur Rasheed Nomani |
||
| 260 |
_aNew Delhi _bAetiqad Publisher |
||
| 300 | _a128; p | ||
| 650 |
_aTafseer ul Quran _9104576 |
||
| 942 |
_2ddc _cBK _k297.1227,NOM |
||
| 999 |
_c187919 _d187919 |
||